[Event "Oslo op-B"]
[Site "Oslo"]
[Date "2014.09.28"]
[Round "2"]
[White "Risting, Eivind Olav"]
[Black "Mrdeza, Jason"]
[Result "1-0"]
[WhiteElo "2032"]
[BlackElo "1300"]
[PlyCount "85"]
[EventDate "2014.09.28"]
[EventType "swiss"]
[EventRounds "9"]
[EventCountry "NOR"]
[SourceTitle "EXT 2017"]
[Source "ChessBase"]
[SourceDate "2016.10.25"]
[SourceVersion "1"]
[SourceVersionDate "2016.10.25"]
[SourceQuality "1"]

1. e4 d6 2. d4 Nf6 3. Nc3 g6 4. f4 Bg7 5. Nf3 c5 6. d5 0-0 7. Be2 Na6 8. 0-0 Bg4 9. Kh1 Nc7 10. a4 a6 11. h3 Bxf3 12. Bxf3 Rb8 13. a5 b5 14. axb6 Rxb6 15. Qe2 Nb5 16. Nxb5 axb5 17. Rd1 Qc7 18. e5 dxe5 19. fxe5 Nd7 20. e6 fxe6 21. dxe6 Ne5 22. Bd5 Nc6 23. c3 Qg3 24. Be3 Be5 25. Bg1 Bd6 26. Rf1 b4 27. Rxf8+ Kxf8 28. Bxc6 Rxc6 29. Ra8+ Kg7 30. Qb5 Rc7 31. Qe8 Kh6 32. Qf8+ Kh5 33. Qg7 h6 34. cxb4 cxb4 35. Ra5+ g5 36. Qf7+ Kh4 37. Qg6 h5 38. Rxg5 Qxg5 39. Bf2+ Qg3 40. Qe4+ Kg5 41. h4+ Kf6 42. Bxg3 Bxg3 43. Qf3+ 1-0